| 000 | 00840cas a22002295a 4500 | ||
|---|---|---|---|
| 001 | L138371 | ||
| 008 | 070601d19551982xxkmr p 0 a0eng u | ||
| 035 | _a(Sirsi) u138371 | ||
| 041 | 0 | _aeng | |
| 110 | 2 |
_aRoyal Institution of Chartered Surveyors _94900 |
|
| 245 | 0 | 4 | _aThe Chartered Surveyor |
| 260 |
_aLondon _bRICS _c1955-1982 |
||
| 362 | 0 | _aLondon: 88(1) July 1955-115(2) September 1982 | |
| 362 | 0 | _aEdinburgh: 88(1) July 1955-115 1981 | |
| 520 | _aBetween 1973 and 1978, the journal included a quarterly supplement for the Urban, Rural, Land Hydrographic and Minerals, and Building and Quantity Surveying Divisions. | ||
| 554 | _a12 per year | ||
| 651 | 4 | _aUNITED KINGDOM | |
| 690 | _aABOUT RICS | ||
| 780 | 0 | 0 | _tJournal of the Royal Institution of Chartered Surveyors |
| 785 | 0 | 0 | _tChartered Surveyor Weekly |
| 942 | _n0 | ||
| 999 |
_c118979 _d118979 |
||